Word Ladder: Family Oddball Quiz Stats

 Plays Quiz Updated Nov 21, 2012

Support Sporcle.
Go Orange.
Score 0/8 Timer 01:00
0 Plays Today
Clue Answer % Correct
Check for an unspecified amountBLANK
94%
Dull or flavourless BLAND
92.8%
Obsidian or ebony╰BLACK╮
91.9%
Ovine wool donator╰SHEEP╮
81.4%
Insomniac's itchSLEEP
77.9%
'Will it ____?', viral marketing campaignBLEND
72%
Haemorrhage haemoglobinBLEED
69.8%
Mechanical monotoneBLEEP
65%

Today's Daily Dose

From the Vault

Badly Drawn Country Outlines

by NarwhalNukeYT

Can't tell if these are countries or just random blobs.
Remove Ads.
Support Sporcle.
Get the best of Sporcle when you Go Orange. This ad-free experience offers more features, more stats, and more fun while also helping to support Sporcle. Thank you for becoming a member.

Show Comments

Extras

Top Quizzes Today


Score Distribution

Your Account Isn't Verified!

In order to create a playlist on Sporcle, you need to verify the email address you used during registration. Go to your Sporcle Settings to finish the process.

Report this User

Report this user for behavior that violates our Community Guidelines.

Details: